000 00784nam a22002417a 4500
003 UA-OsUOA
001 39734
007 ta
008 20080516b un ||||| |||| 00| 0 ukr d
100 _aБойко Олена
090 _a94(477).06
_bБ77
942 _cBK
040 _aUA-OsUOA
_bukr
_cUA-OsUOA
_dUA-OsUOA
245 _aФормування території Української незалежної держави в часи Української революції (1917 - 1921 рр.)
300 _a62 с.
955 _a1
041 _aukr
080 _a94(477).06
020 _a978-966-02-4464-1
260 _aК.
_bІнститут історії України
_c2007
650 7 _a9 Географія. Біографії. Історія
_2UDC
999 _c438243
_d438243